Letteratura greca / (Record no. 82688)

MARC details
000 -LEADER
campo de control de longitud fija 00698nam a2200229 i 4500
001 - NÚMERO DE CONTROL
campo de control 82688
003 - IDENTIFICADOR DE NÚMERO DE CONTROL
campo de control ES-MaACL
005 - FECHA Y HORA DE LA ÚLTIMA TRANSACCIÓN
campo de control 20230906174721.0
007 - CAMPO FIJO DE DESCRIPCIÓN FÍSICA--INFORMACIÓN GENERAL
campo de control de longitud fija t|
008 - DATOS DE LONGITUD FIJA--INFORMACIÓN GENERAL
campo de control de longitud fija 041111s1920 it ||||1| ita d
100 1# - ENTRADA PRINCIPAL--NOMBRE DE PERSONA
Nombre de persona Inama, Vigilio.
9 (RLIN) 65228
245 10 - MENCIÓN DEL TÍTULO
Título Letteratura greca /
Mención de responsabilidad, etc. Vigilio Inama.
250 ## - MENCION DE EDICION
Mención de edición 19ª ed. amp., accresciuta e in parte rifatta
Resto de la mención de edición da Domenico Bassi ed Emidio Martini.
260 ## - PUBLICACIÓN, DISTRIBUCIÓN, ETC.
Lugar de publicación, distribución, etc. Milano :
Nombre del editor, distribuidor, etc. Ulrico Hoepli,
Fecha de publicación, distribución, etc. 1920 (
Fabricante Tip. Sociali)
300 ## - DESCRIPCIÓN FÍSICA
Extensión XIX, 348 p. ;
Dimensiones 15 cm.
490 1# - MENCIÓN DE SERIE
Mención de serie Manuali Hoepli
700 1# - ENTRADA AGREGADA--NOMBRE PERSONAL
Nombre de persona Bassi, Domenico.
9 (RLIN) 26318
700 1# - ENTRADA AGREGADA--NOMBRE PERSONAL
Nombre de persona Martini, Emidio.
9 (RLIN) 78494
830 0# - PUNTO DE ACCESO ADICIONAL DE SERIE-TÍTULO UNIFORME
Título uniforme Manuali Hoepli
9 (RLIN) 180782
852 ## - LOCALIZACIÓN
Ubicación ES-MaACL
Número de control de estantería D-4258
Holdings
Estatus retirado Estado de pérdida Estado de daño No para préstamo Biblioteca de origen Biblioteca actual Ubicación en estantería Fecha de adquisición Fuente de adquisición Total de préstamos Signatura topográfica completa Código de barras Visto por última vez Precio de reemplazo Tipo de ítem Koha
        Biblioteca del Ateneo de Madrid Biblioteca del Ateneo de Madrid Sala Valle Inclán 17/01/2008     D-4258 901086418 23/02/2023 23/02/2023 Libro impreso